|
|
|
|
| LEADER |
00000naa2a2200000 4500 |
| 001 |
250695 |
| 005 |
20231031213246.0 |
| 035 |
|
|
|a (RuTPU)RU\TPU\book\272913
|
| 035 |
|
|
|a RU\TPU\book\272912
|
| 090 |
|
|
|a 250695
|
| 100 |
|
|
|a 20140216d2011 k y0rusy50 ca
|
| 101 |
0 |
|
|a rus
|
| 102 |
|
|
|a RU
|
| 200 |
1 |
|
|a О некоторых проблемах управления в обособленном структурном подразделении вуза
|f В. И. Лебедев, С. И. Каковихина
|
| 225 |
1 |
|
|a Проблемы качества образования и пути их решения
|
| 320 |
|
|
|a Библиогр.: с. 229-230 (2 назв.)
|
| 461 |
|
1 |
|0 (RuTPU)RU\TPU\book\251726
|y 978-5-98298-905-5
|t Исследования молодых - регионам
|o сборник трудов I Всероссийской научно-практической конференции, 29-31 марта 2011 г., г. Томск
|f Национальный исследовательский Томский политехнический университет (ТПУ), Новокузнецкий филиал (НФ); под ред. С. И. Каковихиной
|d 2011
|
| 463 |
|
0 |
|0 (RuTPU)RU\TPU\book\250367
|y 978-5-98298-907-9
|t Т. 2
|v C. 228-230
|d 2011
|p 420 с.
|
| 610 |
1 |
|
|a управление
|
| 610 |
1 |
|
|a проблемы
|
| 610 |
1 |
|
|a обособленные структурные подразделения
|
| 610 |
1 |
|
|a вузы
|
| 610 |
1 |
|
|a филиалы
|
| 700 |
|
1 |
|a Лебедев
|b В. И.
|
| 701 |
|
1 |
|a Каковихина
|b С. И.
|
| 801 |
|
1 |
|a RU
|b 63413507
|c 20140203
|
| 801 |
|
2 |
|a RU
|b 63413507
|c 20140411
|g RCR
|
| 942 |
|
|
|c BK
|